000 01047 a2200217 4500
005 20080915144131.0
008 080915t xxu||||| |||| 00| 0 hin d
010 _aHIN-80804
020 _a8189900110
_c300.00
035 _aHN-53150
037 _bD.B.Act / pub
082 _a909.82
100 _aजैन,संजीव
245 _aबीसवीं सदी का विश्व (1890 ई से 2000 तक)
_cसंजीव जैन
246 _aBisvni sadi ka wishve(1980 to 2000)
_bby-Sanjeev jain
260 _aभोपाल
_bकैलाश पुस्तक सदन
_c2007
300 _a472पृ
_c24 सेमी (अजिल्द)
270 _aहमीदिया मार्ग
_bभोपाल
_e462001
_k(075502535366,5256804
942 _adpl
_cHN
_k909.82 / जैनसं
_2ddc
_h909.82
_mजैनसं
999 _c7153
_d7153